banner-ar

كشف الغطاء عن حكم سماع الغناء / (Record no. 55278)

MARC details
000 -الفاتح
حقل البيانات ثابتة الطول 00858nam a2200217Ia 4500
005 - وقت وتاريخ اخر تعامل مع التسجيلة
رقم الضبط 20240530105346.0
008 - عناصر البيانات ثابتة الطول - معلومات عامة
حقل البيانات ثابتة الطول 140319s9999 xx 000 0 ara d
040 ## - مصدر الفهرسة
وكالة الفهرسة الأصلية GCL /
وكالة النسخ GCL
082 04 - رقم تصنيف ديوى العشرى
رقم التصنيف 251.2
رقم المادة ق ك
100 1# - المدخل الرئيسى - إسم شخصى
الإسم الشخصى ابن قيم الجوزية: شمس الدين ابو عبدالله محمد بن ابى بكر
245 10 - بيان العنوان
العنوان كشف الغطاء عن حكم سماع الغناء /
بيان المسئوليه,etc ابن قيم الجوزية: شمس الدين ابو عبدالله محمد بن ابى بكر
260 ## - PUBLICATION, DISTRIBUTION, ETC. (IMPRINT)
تاريخ النشر أو التوزيع 1991
300 ## - الوصف المادى
التعداد 301 ص
650 04 - المدخل الاضافى بالموضوع-مصطلح موضوعى
مصطلح موضوعي الفقه الاسلامى
650 04 - المدخل الاضافى بالموضوع-مصطلح موضوعى
مصطلح موضوعي الحلال والحرام
650 04 - المدخل الاضافى بالموضوع-مصطلح موضوعى
مصطلح موضوعي الفقه الحنبلى
650 04 - المدخل الاضافى بالموضوع-مصطلح موضوعى
مصطلح موضوعي احكام الغناء
700 1# - المدخل الاضافى - اسم شخصى
الإسم الشخصى ربيع بن احمد خلف (محقق)
942 ## - عناصر المدخل الإضافي( كوها)
مصدر التصنيف او مخطط الترفيف Dewey Decimal Classification
Koha [default] item type كتاب
260 ## - PUBLICATION, DISTRIBUTION, ETC. (IMPRINT)
-- [S.N] :
-- مكتبة السنة للنشر والتوزيع ،
Holdings
حالة التراجع حالة الفقد حالة تلف ليس للاعارة المكان المؤقت الموقع الحالى تاريخ الاكتساب اجمالي اﻻعارات رقم الطلب الباركود تاريخ اخر مشاهدة تاريخ تفعيل السعر نوع وعاء كوها مصدر التصنيف او خطة الترفيف
        مكتبة القاهرة الكبرى مكتبة القاهرة الكبرى 03/26/2014   251.2\ق ك 132797 03/26/2014 03/26/2014 كتاب  
        مكتبة القاهرة الكبرى مكتبة القاهرة الكبرى 07/27/2019   251.2\ق ك 166258 07/27/2019 07/27/2019 كتاب ddc

Powered By

EGPV